ბათუმის შოთა რუსთაველის სახელმწიფო უნივერსიტეტის ბიბლიოთეკა

ოპერაციული სახელმძღვანელო დოკუმენტი : (ბიბ.ჩანაწერი № 54457)

000 -ლიდერი
ფიქსირებული სიგრძის საკონტროლო ველი 01790nam a2200241Ia 4500
001 - საკონტროლო ნომერი
საკონტროლო ველი 21519
003 - საკონტროლო ნომრის იდენტიფიკატორი
საკონტროლო ველი GE_BSU
005 - ბოლო ოპერაციის თარიღი და დრო
საკონტროლო ველი 20211125163611.0
008 - ფიქსირებული სიგრძის მონაცემთა ელემენტები - ზოგადი ინფორმაცია
ფიქსირებული სიგრძის საკონტროლო ველი 181216s2017||||ge |||||||||||||| ||geo||
020 ## - წიგნის საერთაშორისო სტანდარტული ნომერი
International Standard Book Number 978-9941-0-9855-0
040 ## - კატალოგიზაციის წყარო
Transcribing agency GE_BSU
041 ## - ენის კოდი
Language code of text/sound track or separate title geo
080 ## - უნივერსალური ათობითი კლასიფიკაციის ინდექსი
Universal Decimal Classification number 613.885:316.367.7:342.726(479.22) ჯ-19
100 ## - მთავარი ჩანაწერი - პიროვნების სახელი
Personal name ჯალაღანია, ლიკა
9 (RLIN) 13062
245 ## - ცნობა სათაურის შესახებ
Title ოპერაციული სახელმძღვანელო დოკუმენტი :
Remainder of title სექსუალური ორიენტაციისა და გენდერული იდენტობის საფუძველზე ჩადენილი დანაშაულის გამოძიებისა და პრევენციის შესახებ /
Statement of responsibility, etc ლიკა ჯალაღანია ; კვლევის ხელმძღვ. თ. მიქელაძე ; თარგმ. მ. ბეგაძე, ლ. ჯამბურია, მ. გელაძე.
264 ## - წარმოების, გამოცემის, დისტრიბუციის და სხვა ცნობები
გამოცემის, წარმოების, დისტრიბუციის... ადგილი თბილისი :
გამოცემის, წარმოების, დისტრიბუციის... სახელწოდება [?],
გამოცემის, წარმოების, დისტრიბუციის... თარიღი 2017.
300 ## - ფიზიკური აღწერა
Extent 146 გვ. ;
Dimensions 24 სმ.
653 ## - INDEX TERM--UNCONTROLLED
Uncontrolled term ოპერაციული სახელმძღვანელო დოკუმენტი
653 ## - INDEX TERM--UNCONTROLLED
Uncontrolled term სექსუალური ორიენტაციისა და გენდერული იდენტობის საფუძველზე ჩადენილი დანაშაულის გამოძიებისა და პრევენციის შესახებ
710 ## - ADDED ENTRY--CORPORATE NAME
Corporate name or jurisdiction name as entry element ადამიანის უფლებების სწავლებისა და მონიტორინგის ცენტრი
9 (RLIN) 13055
942 ## - ADDED ENTRY ELEMENTS (KOHA)
Koha item type წიგნი
Source of classification or shelving scheme
ეგზემპლარები
ჩამოწერის სტატუსი დაკარგული ეგზემპლარის სტატუსი კლასიფიკაციის წყარო ან თაროზე გაწყობის სქემა დაზიანების სტატუსი არ გაიცემა მუდმივი მდებარეობა (დაცვის ადგილი) ამჟამინდელი ადგილსამყოფელი თაროზე განთავსების ადგილი შეძენის თარიღი ღირებულება, შესყიდვის ნორმალური ფასი სრული შენახვის შიფრი შტრიხკოდი ბოლო ოპერაციის თარიღი ეგზემპლარის მიმდევრობითი ნომერი (კეტერი?) ფასის ძალაში შესვლის თარიღი ეგზემპლარის სახეობა საჯარო შენიშვნა
          ბათუმის შოთა რუსთაველის სახელმწიფო უნივერსიტეტის მთავარი ბიბლიოთეკა ბათუმის შოთა რუსთაველის სახელმწიფო უნივერსიტეტის მთავარი ბიბლიოთეკა წიგნსაცავი 2018-12-17 7.00 613.885:316.367.7:342.726(479.22) ჯ-19 55479 2018-12-17 55479 2018-12-17 წიგნი 7.00 ₾.